000
00379nam a2200133Ia 4500
008
100122s9999 xx 000 0 und d
082
_b
72558
_a
910.4
100
_a
कुंटे जगन्नाथ
245
_a
नर्मदे हर हर
250
_a
0
630
_a
नर्मदे हर हर
730
_a
नर्मदे हर हर
942
_c
BOOK
999
_c
388421
_d
388418